| 000 | 01085cam a2200301 a 4500 | ||
|---|---|---|---|
| 001 | 000018003 | ||
| 005 | 20200929165319.0 | ||
| 008 | 021015s2000 bl a b 001 0 por | ||
| 010 | _a2002370361 | ||
| 020 | _a8521000588 | ||
| 035 | _a(DLC) 2002370361 | ||
| 040 |
_aDO-SdBNP _cDLC |
||
| 042 | _alcode | ||
| 050 | 0 | 0 |
_aPQ9697 _b.A965 2000 |
| 100 | 1 |
_aAzevedo, Manuel Antonio Alvares de, _d1831-1852. _939032 |
|
| 240 | 1 | 0 |
_aWorks. _f2000 |
| 245 | 1 | 0 |
_aObra completa / _cAlvares de Azevedo ; organizacao, Alexei Bueno ; textos criticos, Jaci Monteiro ... [et al.]. |
| 250 | _a1. ed. | ||
| 260 |
_aRio de Janeiro : _bEditora Nova Aguilar, _c2000. |
||
| 300 |
_a849 p. : _bill. : ; _c19 cm. |
||
| 490 | 0 |
_aBiblioteca luso-brasileira. _aSerie brasileira |
|
| 500 | _a"Em um volume"--Added t.p. | ||
| 500 | _a"Cronologia da vida e da obra": p. [15]-17. | ||
| 504 | _aIncludes bibliographical references by and about the author (p. [839]-842) and index. | ||
| 700 | 1 |
_aBueno, Alexei, _d1963- _939033 |
|
| 700 | 1 |
_aMonteiro, Jaci. _939034 |
|
| 910 | _aCatalogación por copia / LC | ||
| 999 |
_c17525 _d17525 |
||